000 00902nam a2200277 a 4500
999 _c853
_d853
001 1657764
003 OSt
005 20190918155331.0
008 970129s1996 enk b 001 0 eng
010 _a 97109714
020 _a0750637617
040 _aDLC
_cDLC
050 0 0 _aTP156.P83
_bP47 1996
082 0 0 _aQY 25 A55p 1996
_221
100 1 _aArmarego, W. L. F.; Perrin, D. D.
_92303
245 1 0 _aPurification of Laboratory Chemicals
250 _a4th ed.
260 _aOxford ;
_bButterworth Heinemann,
_cc1996.
300 _axi, 529 p. ;
_c31 cm.
500 _aPerrin's name appears first on earlier editions.
504 _aIncludes bibliographical references and index.
650 _aLaboratory chemicals
_912953
906 _a7
_bcbc
_corignew
_d2
_encip
_f19
_gy-gencatlg
942 _2z
_cSLOAN